[Event "Budapest FS12 Nadassy"]
[Site "Budapest"]
[Date "2020.12.07"]
[Round "3.3"]
[White "Bandikatte, Shubham"]
[Black "Bolyki, Istvan"]
[Result "1/2-1/2"]
[WhiteElo "1761"]
[BlackElo "1829"]
[PlyCount "64"]
[EventDate "2020.12.05"]
[EventType "tourn"]
[EventRounds "10"]
[EventCountry "HUN"]
[SourceTitle "CBM 199 Extra"]
[Source "ChessBase"]
[SourceDate "2021.01.31"]
[SourceVersion "1"]
[SourceVersionDate "2021.01.31"]
[SourceQuality "1"]
[WhiteTeam "Team 1"]
[BlackTeam "Team 2"]
[WhiteTeamCountry "HUN"]
[BlackTeamCountry "HUN"]

1. e4 c5 2. Nf3 d6 3. Bb5+ Bd7 4. Bxd7+ Qxd7 5. 0-0 g6 6. d3 Bg7 7. Nc3 Nc6 8. h3 a6 9. Nd5 Qd8 10. Rb1 Nf6 11. Ne3 0-0 12. Nh2 b5 13. f4 e5 14. Neg4 Nxg4 15. Nxg4 f5 16. exf5 gxf5 17. Nh2 Nd4 18. c3 Ne6 19. fxe5 dxe5 20. Nf3 Qb6 21. Kh1 e4 22. Nh4 Qd8 23. Qh5 Qxd3 24. Bh6 Bxh6 25. Qxh6 Ng7 26. Rbd1 Qc4 27. Qg5 Qe2 28. Rde1 Qh5 29. Qg3 Rad8 30. Kh2 Rd3 31. Qf4 e3 32. Rf3 Re8 1/2-1/2

[Event "Budapest FS12 Nadassy"]
[Site "Budapest"]
[Date "2020.12.06"]
[Round "2.3"]
[White "Mayer, Istvan"]
[Black "Bandikatte, Shubham"]
[Result "0-1"]
[WhiteElo "1818"]
[BlackElo "1761"]
[PlyCount "84"]
[EventDate "2020.12.05"]
[EventType "tourn"]
[EventRounds "10"]
[EventCountry "HUN"]
[SourceTitle "CBM 199 Extra"]
[Source "ChessBase"]
[SourceDate "2021.01.31"]
[SourceVersion "1"]
[SourceVersionDate "2021.01.31"]
[SourceQuality "1"]
[WhiteTeam "Team 2"]
[BlackTeam "Team 1"]
[WhiteTeamCountry "HUN"]
[BlackTeamCountry "HUN"]

1. e4 d5 2. exd5 Qxd5 3. Nc3 Qa5 4. d4 c6 5. Bc4 Nf6 6. Nge2 Bf5 7. a3 e6 8. Bf4 Nh5 9. Be3 Bd6 10. h3 Nf6 11. 0-0 Nbd7 12. b4 Qc7 13. f4 h6 14. Ng3 Bh7 15. Bd3 g5 16. fxg5 hxg5 17. Nh5 Bxd3 18. Nxf6+ Nxf6 19. Qxd3 Bh2+ 20. Kh1 Nh5 21. Ne2 g4 22. Qe4 gxh3 23. g4 Ng3+ 24. Nxg3 Bxg3 25. Bf4 Bxf4 26. Qxf4 Qd7 27. Rae1 0-0-0 28. Qxf7 Qxf7 29. Rxf7 Rxd4 30. Rxe6 h2 31. Re1 Rxg4 32. Rf2 Rh3 33. Rxh2 Rxa3 34. Rh8+ Kd7 35. Rh7+ Kd6 36. Rd1+ Ke5 37. Re1+ Kd4 38. Ree7 Ra1+ 39. Kh2 b5 40. Rh6 Kc4 41. Rxc6+ Kxb4 42. Rb7 Rc4 0-1

[Event "Budapest InspireChess"]
[Site "Budapest"]
[Date "2020.11.27"]
[Round "3"]
[White "Sainbayar, Anuurai"]
[Black "Bandikatte, Shubham"]
[Result "1/2-1/2"]
[WhiteElo "1583"]
[BlackElo "1512"]
[PlyCount "65"]
[EventDate "2020.11.26"]
[EventType "tourn"]
[EventRounds "6"]
[EventCountry "HUN"]
[SourceTitle "CBM 199 Extra"]
[Source "ChessBase"]
[SourceDate "2021.01.31"]
[SourceVersion "1"]
[SourceVersionDate "2021.01.31"]
[SourceQuality "1"]

1. b4 b5 2. e3 e6 3. Bb2 Bb7 4. Nf3 Nf6 5. Bxb5 Bxb4 6. Be2 Be7 7. 0-0 0-0 8. c4 c5 9. Qc2 Nc6 10. a3 h6 11. Nc3 a6 12. Rab1 Qc7 13. h3 Nh7 14. Ne4 f5 15. Ng3 Bd6 16. Nh5 Rf7 17. Bxg7 Rxg7 18. Nxg7 Kxg7 19. Qb2+ Kf7 20. Qxb7 Qd8 21. Qb2 Ng5 22. d4 Nxf3+ 23. Bxf3 Qh4 24. d5 Rg8 25. dxe6+ Ke7 26. Kh1 Ne5 27. Bd5 Nxc4 28. Qe2 Rg3 29. f3 Nxe3 30. exd7 Rxh3+ 31. gxh3 Qxh3+ 32. Kg1 Qg3+ 33. Kh1 1/2-1/2

[Event "Budapest InspireChess"]
[Site "Budapest"]
[Date "2020.11.26"]
[Round "1"]
[White "Bandikatte, Shubham"]
[Black "Mayer, Istvan"]
[Result "1/2-1/2"]
[WhiteElo "1512"]
[BlackElo "1859"]
[PlyCount "99"]
[EventDate "2020.11.26"]
[EventType "tourn"]
[EventRounds "6"]
[EventCountry "HUN"]
[SourceTitle "CBM 199 Extra"]
[Source "ChessBase"]
[SourceDate "2021.01.31"]
[SourceVersion "1"]
[SourceVersionDate "2021.01.31"]
[SourceQuality "1"]

1. e4 e6 2. d4 d5 3. exd5 exd5 4. Bd3 Nf6 5. h3 c5 6. c3 Nc6 7. Nf3 cxd4 8. cxd4 Bb4+ 9. Nc3 h6 10. 0-0 0-0 11. Ne2 Bd6 12. Ng3 Re8 13. Be3 Ne4 14. Nh5 Qc7 15. Qc1 Nb4 16. Qxc7 Bxc7 17. Bb5 Re7 18. Bd2 Nxd2 19. Nxd2 Nc2 20. Rad1 Nxd4 21. Bd3 Bf5 22. Bxf5 Nxf5 23. g4 Nh4 24. Nb3 Rd8 25. Nd4 Bb6 26. Nb3 g5 27. Nf6+ Kg7 28. Nxd5 Red7 29. Nc3 Rd3 30. Rxd3 Rxd3 31. Na4 Rg3+ 32. Kh2 Rg2+ 33. Kh1 Bxf2 34. Nd2 Bd4 35. Nf3 Rf2 36. Rxf2 Bxf2 37. Nxh4 gxh4 38. Nc3 Bd4 39. Nd1 Kf6 40. Kg2 Ke5 41. Kf3 b6 42. b3 f6 43. Ne3 Bxe3 44. Kxe3 h5 45. gxh5 Kf5 46. Kf3 Kg5 47. h6 Kxh6 48. Kg4 Kg6 49. Kxh4 Kf5 50. Kg3 1/2-1/2

[Event "Budapest FS11 FM"]
[Site "Budapest"]
[Date "2020.11.16"]
[Round "9"]
[White "Bandikatte, Shubham"]
[Black "Sainbayar, Anuurai"]
[Result "1-0"]
[WhiteElo "1512"]
[BlackElo "1583"]
[PlyCount "27"]
[EventDate "2020.11.07"]
[EventType "tourn"]
[EventRounds "10"]
[EventCountry "HUN"]
[SourceTitle "CBM 199 Extra"]
[Source "ChessBase"]
[SourceDate "2021.01.31"]
[SourceVersion "1"]
[SourceVersionDate "2021.01.31"]
[SourceQuality "1"]

1. e4 g6 2. d4 d6 3. Be3 Nf6 4. Bd3 Bg7 5. Nc3 Ng4 6. Nf3 Nxe3 7. fxe3 Nd7 8. 0-0 c5 9. Ng5 0-0 10. Nxf7 Rxf7 11. Bc4 Nf6 12. Bxf7+ Kxf7 13. e5 Bg4 14. Qxg4 1-0

[Event "Budapest FS11 FM"]
[Site "Budapest"]
[Date "2020.11.13"]
[Round "6"]
[White "Bandikatte, Shubham"]
[Black "Mayer, Istvan"]
[Result "1-0"]
[WhiteElo "1512"]
[BlackElo "1859"]
[PlyCount "51"]
[EventDate "2020.11.07"]
[EventType "tourn"]
[EventRounds "10"]
[EventCountry "HUN"]
[SourceTitle "CBM 199 Extra"]
[Source "ChessBase"]
[SourceDate "2021.01.31"]
[SourceVersion "1"]
[SourceVersionDate "2021.01.31"]
[SourceQuality "1"]

1. e4 e6 2. d4 d5 3. exd5 exd5 4. Bd3 Nf6 5. h3 c5 6. c3 Nc6 7. Nf3 cxd4 8. cxd4 Bb4+ 9. Nc3 0-0 10. 0-0 h6 11. Be3 Re8 12. Qc1 Ne4 13. Ne2 Qf6 14. Ng3 Nxg3 15. fxg3 Qd6 16. Bf4 Qd8 17. Bxh6 gxh6 18. Qxh6 Re4 19. Bxe4 dxe4 20. Ng5 Qxd4+ 21. Kh1 Qg7 22. Qxg7+ Kxg7 23. Nxe4 Be7 24. g4 Be6 25. Ng3 Bf6 26. Nh5+ 1-0

[Event "Budapest FS11 FM"]
[Site "Budapest"]
[Date "2020.11.11"]
[Round "5"]
[White "Bandikatte, Shubham"]
[Black "Nemeth, Otto"]
[Result "0-1"]
[WhiteElo "1512"]
[BlackElo "1554"]
[PlyCount "64"]
[EventDate "2020.11.07"]
[EventType "tourn"]
[EventRounds "10"]
[EventCountry "HUN"]
[SourceTitle "CBM 199 Extra"]
[Source "ChessBase"]
[SourceDate "2021.01.31"]
[SourceVersion "1"]
[SourceVersionDate "2021.01.31"]
[SourceQuality "1"]

1. e4 c5 2. Nf3 d6 3. Bb5+ Nc6 4. Bxc6+ bxc6 5. 0-0 Nf6 6. d3 e5 7. Nc3 h6 8. h3 Be6 9. Ne2 Be7 10. Be3 Qd7 11. Ng3 g5 12. Nh2 Rb8 13. b3 a5 14. Nh5 Bxh3 15. Nxf6+ Bxf6 16. gxh3 Qxh3 17. Qg4 Qxg4+ 18. Nxg4 Be7 19. Kg2 h5 20. Rh1 Kd7 21. Nh2 Rbg8 22. Rag1 g4 23. f4 exf4 24. Bxf4 Bf6 25. Nf1 h4 26. Ne3 Bd4 27. Kf1 g3 28. Rh3 Ke6 29. Rgh1 Bxe3 30. Bxg3 hxg3 31. Rxh8 g2+ 32. Ke2 Rxh8 0-1